000 01076nam a22003737a 4500
005 20250407144839.0
008 250407b |||||||| |||| 00| 0 spa d
020 _a9798840673645
041 _aESP
082 _a658.403.801.1 P583c6
100 _aPiattini Velthuis, Mario G.
100 _aGarcía Rubio, Félix O.
100 _aGarcía Rodríguez de Guzmán, Ignacio
100 _aPino Correa, Francisco J.
245 _aCalidad de sistemas de información basada en estándares internacionales
250 _a6 edición
260 _aEspaña
260 _bAQC Lab
260 _c2022
300 _a403 páginas
650 _aGESTIÓN DE CALIDAD
650 _aMODELOS DE CALIDAD
650 _aNORMAS DE CALIDAD
650 _aSISTEMAS DE INFORMACIÓN
650 _aGESTIÓN DEL CONOCIMIENTO
650 _aCALIDAD DE PROYECTOS
650 _aCALIDAD DE SERVICIOS
650 _aCALIDAD DE PRODUCTO SOFTWARE
650 _aCICLO DE VIDA
650 _aMEJORA DE PROCESOS
650 _aHERRAMIENTAS DE CALIDAD
942 _2ddc
_cBK
999 _c13757
_d13757